[Event "Robecchetto Primavera op 12th"]
[Site "Robecchetto"]
[Date "2015.05.14"]
[Round "6"]
[White "Aspesi, Davide"]
[Black "Santarelli, Sabatino"]
[Result "1-0"]
[WhiteElo "1817"]
[BlackElo "1614"]
[PlyCount "75"]
[EventDate "2015.04.02"]
[EventType "swiss"]
[EventRounds "7"]
[EventCountry "ITA"]
[SourceTitle "EXT 2017"]
[Source "ChessBase"]
[SourceDate "2016.10.25"]
[SourceVersion "1"]
[SourceVersionDate "2016.10.25"]
[SourceQuality "1"]

1. c4 c5 2. Nc3 Nc6 3. Nf3 Nf6 4. e3 g6 5. d4 cxd4 6. exd4 Bg7 7. Be3 d6 8. h3 0-0 9. Bd3 Nb4 10. Bb1 Bd7 11. a3 Na6 12. Ba2 Nc7 13. a4 a5 14. Qd2 Na6 15. Bb1 Rc8 16. b3 Re8 17. 0-0 Nb4 18. Bg5 Bc6 19. d5 Bd7 20. Re1 Na6 21. Bc2 Nc5 22. Rab1 Rb8 23. Re2 e5 24. Rbe1 Qc8 25. Bxf6 Bxf6 26. Ne4 Nxe4 27. Bxe4 b6 28. Qh6 Qd8 29. g4 Bg7 30. Qh4 Qxh4 31. Nxh4 Rf8 32. Bc2 Bf6 33. Ng2 h6 34. Kh2 g5 35. Ne3 Kg7 36. Nf1 Rh8 37. Ng3 Rbd8 38. Nh5+ 1-0

[Event "Robecchetto Primavera op 12th"]
[Site "Robecchetto"]
[Date "2015.04.09"]
[Round "2"]
[White "Santarelli, Sabatino"]
[Black "Cecchini, Massimo S"]
[Result "1/2-1/2"]
[WhiteElo "1614"]
[BlackElo "1757"]
[PlyCount "146"]
[EventDate "2015.04.02"]
[EventType "swiss"]
[EventRounds "7"]
[EventCountry "ITA"]
[SourceTitle "EXT 2017"]
[Source "ChessBase"]
[SourceDate "2016.10.25"]
[SourceVersion "1"]
[SourceVersionDate "2016.10.25"]
[SourceQuality "1"]

1. Nf3 d5 2. d4 Nf6 3. e3 Bf5 4. Nc3 c6 5. h3 h6 6. Bd3 Bxd3 7. Qxd3 Nbd7 8. 0-0 e6 9. a3 Be7 10. b4 0-0 11. Rb1 b5 12. e4 dxe4 13. Nxe4 Nxe4 14. Qxe4 Rc8 15. Bb2 Nf6 16. Qe2 Qd5 17. Rfd1 Rfd8 18. Nd2 Nh5 19. Qf3 Bf6 20. c3 Be7 21. Bc1 Nf6 22. Re1 Bd6 23. Ne4 Nxe4 24. Qxe4 Bf8 25. Rb2 Qxe4 26. Rxe4 Be7 27. f4 Bf6 28. Rbe2 Rd5 29. g4 g6 30. Kg2 Kg7 31. Kg3 Rh8 32. h4 Bd8 33. Kh3 Kf8 34. Bd2 Bc7 35. Be1 Ke7 36. Bg3 Kd7 37. R4e3 a5 38. Ra2 Ra8 39. Ree2 Ke7 40. Kg2 h5 41. g5 Rd7 42. Kf3 Bd6 43. Bf2 Rdd8 44. Be3 Ra6 45. Bc1 Rda8 46. Rac2 axb4 47. cxb4 Rd8 48. Bb2 Bb8 49. Ke4 Ba7 50. Red2 Rd5 51. Rc1 Bb6 52. Rxc6 Kd7 53. Rc1 Ra7 54. Rdc2 Rb7 55. Rc8 Bc7 56. Rg8 Rf5 57. Rf1 Rb6 58. Bc1 Rc6 59. Be3 Rc4 60. Ra8 Kc6 61. Rc1 Kb7 62. Re8 Kc6 63. Rxc4+ bxc4 64. a4 Kb7 65. Re7 Kc8 66. Re8+ Bd8 67. a5 Kd7 68. Rg8 Rb5 69. Bd2 Be7 70. Ra8 Bxb4 71. Bxb4 Rxb4 72. a6 Ra4 73. a7 Ra6 1/2-1/2

[Event "Robecchetto Autunn op 11th"]
[Site "Robecchetto"]
[Date "2014.11.13"]
[Round "6"]
[White "Santarelli, Sabatino"]
[Black "Puricelli, Roberto"]
[Result "1/2-1/2"]
[WhiteElo "1638"]
[BlackElo "1513"]
[PlyCount "140"]
[EventDate "2014.10.09"]
[EventType "swiss"]
[EventRounds "7"]
[EventCountry "ITA"]
[SourceTitle "EXT 2016"]
[Source "ChessBase"]
[SourceDate "2015.10.08"]
[SourceVersion "1"]
[SourceVersionDate "2015.10.08"]
[SourceQuality "1"]

1. Nf3 d5 2. d4 e6 3. c4 c5 4. e3 Nf6 5. Nc3 cxd4 6. Nxd4 Nc6 7. a3 Nxd4 8. Qxd4 Qa5 9. Bd2 dxc4 10. Bxc4 Be7 11. 0-0 0-0 12. Nb5 Qd8 13. Rad1 Qxd4 14. Nxd4 a6 15. Ba5 b5 16. Nc6 Re8 17. Nxe7+ Rxe7 18. Be2 Nd5 19. Bf3 Bb7 20. Rd2 Ree8 21. Rfd1 Rac8 22. h3 h6 23. Kh2 Ba8 24. Be2 Nf6 25. Bd3 Be4 26. f3 Bxd3 27. Rxd3 Rc2 28. b4 Nd5 29. e4 Nf4 30. R3d2 Rec8 31. Kg3 e5 32. Bb6 Rxd2 33. Rxd2 Kh7 34. Be3 Ng6 35. Bc5 Ra8 36. Rd7 Kg8 37. Kg4 a5 38. g3 axb4 39. Bxb4 f6 40. Rb7 Nf8 41. Rxb5 Ne6 42. f4 exf4 43. gxf4 Rc8 44. Rb6 Nd4 45. Kh5 Kh7 46. Rb7 Ne2 47. Kg4 Ra8 48. e5 fxe5 49. fxe5 Nd4 50. Bd6 Kg6 51. Rb6 h5+ 52. Kf4 Ne6+ 53. Kg3 Kf5 54. h4 Rc8 55. Rb3 Rc4 56. Rf3+ Ke4 57. Rb3 Nd4 58. Rb4 Rc3+ 59. Kg2 Rxa3 60. e6 Ra2+ 61. Kh3 Kd5 62. Bg3 Nxe6 63. Rb5+ Kc6 64. Rxh5 Ra3 65. Rf5 Kd7 66. h5 Rb3 67. Rf7+ Ke8 68. Rf5 Ke7 69. Kg4 Rb4+ 70. Kh3 Rb3 1/2-1/2

[Event "Robecchetto Spring 11th A"]
[Site "Robecchetto"]
[Date "2014.05.08"]
[Round "4"]
[White "Ruggeri, Igor"]
[Black "Santarelli, Sabatino"]
[Result "1/2-1/2"]
[WhiteElo "1622"]
[BlackElo "1652"]
[PlyCount "117"]
[EventDate "2014.04.10"]
[EventType "swiss"]
[EventRounds "7"]
[EventCountry "ITA"]
[SourceTitle "EXT 2024"]
[Source "ChessBase"]
[SourceDate "2023.10.10"]
[SourceVersion "1"]
[SourceVersionDate "2023.10.10"]
[SourceQuality "1"]

1. d4 d5 2. c4 c6 3. Nf3 Nf6 4. e3 Bg4 5. Nc3 e6 6. Bd3 Bb4 7. a3 Bxc3+ 8. bxc3 Nbd7 9. Rb1 Qc7 10. 0-0 h6 11. Bb2 0-0 12. cxd5 exd5 13. h3 Be6 14. Qc2 c5 15. Rfe1 c4 16. Bf5 Bxf5 17. Qxf5 Rfe8 18. Nd2 Ne4 19. Nxe4 dxe4 20. Qb5 a6 21. Qa4 b5 22. Qc2 Nf6 23. a4 Rab8 24. Ba3 Nd5 25. axb5 axb5 26. Bc5 Rb7 27. Ra1 b4 28. cxb4 Nxb4 29. Qxc4 Nd3 30. Reb1 Rxb1+ 31. Rxb1 Rc8 32. Rb5 Ra8 33. Rb1 Ra5 34. Qd5 Nxc5 35. dxc5 Rxc5 36. Qxe4 Rc1+ 37. Rxc1 Qxc1+ 38. Kh2 Qc7+ 39. g3 g6 40. Kg2 Kg7 41. Kf3 Qd7 42. g4 Qd1+ 43. Kg3 Qg1+ 44. Qg2 Qd1 45. Qf3 Qg1+ 46. Kf4 Qc1 47. Qe4 g5+ 48. Ke5 Qb2+ 49. Kd6 Qxf2 50. Qe5+ Qf6+ 51. Kd5 Qxe5+ 52. Kxe5 Kg6 53. Ke4 f6 54. Kf3 h5 55. e4 h4 56. Ke3 Kf7 57. Kd4 Ke6 58. Kd3 Ke5 59. Ke3 1/2-1/2

[Event "Robecchetto Spring 11th A"]
[Site "Robecchetto"]
[Date "2014.04.24"]
[Round "3"]
[White "Santarelli, Sabatino"]
[Black "Macchiettini, Pierangelo"]
[Result "0-1"]
[WhiteElo "1652"]
[BlackElo "1685"]
[PlyCount "120"]
[EventDate "2014.04.10"]
[EventType "swiss"]
[EventRounds "7"]
[EventCountry "ITA"]
[SourceTitle "EXT 2024"]
[Source "ChessBase"]
[SourceDate "2023.10.10"]
[SourceVersion "1"]
[SourceVersionDate "2023.10.10"]
[SourceQuality "1"]

1. c4 c5 2. g3 Nf6 3. Bg2 d6 4. Nc3 e6 5. Nf3 Be7 6. 0-0 a6 7. d4 cxd4 8. Nxd4 Nbd7 9. b3 Qc7 10. Bb2 Rb8 11. Rc1 b6 12. Nf3 Bb7 13. Qd2 0-0 14. h3 Rfd8 15. Rfd1 Nc5 16. Qf4 Nh5 17. Qg4 Nf6 18. Qf4 Nh5 19. Qd2 Nf6 20. Qe3 Bc6 21. Nd4 Bxg2 22. Kxg2 Qb7+ 23. Qf3 Qxf3+ 24. Kxf3 Rdc8 25. b4 Ncd7 26. Ne4 Ne5+ 27. Ke3 Nxc4+ 28. Rxc4 Rxc4 29. Nxf6+ Bxf6 30. a3 d5 31. h4 Rbc8 32. f4 b5 33. Kf3 Bxd4 34. Bxd4 Rc2 35. Bc5 R8xc5 36. bxc5 Rxc5 37. Rd3 Rc4 38. e3 Kf8 39. g4 Ke7 40. g5 g6 41. Kg4 Kd6 42. h5 a5 43. hxg6 hxg6 44. Kf3 b4 45. axb4 axb4 46. Ke2 Kc5 47. Kd2 Kb5 48. Rb3 d4 49. exd4 Rxd4+ 50. Ke3 Rc4 51. Rb1 Rc3+ 52. Kd4 Rc4+ 53. Ke5 Rc5+ 54. Kd4 Rf5 55. Ke4 Ka4 56. Ra1+ Kb3 57. Rb1+ Ka3 58. Rf1 b3 59. Rf3 Ka2 60. Rf1 b2 0-1

[Event "Robecchetto Spring 11th A"]
[Site "Robecchetto"]
[Date "2014.04.10"]
[Round "1"]
[White "Santarelli, Sabatino"]
[Black "Moroni, Luca"]
[Result "0-1"]
[WhiteElo "1652"]
[BlackElo "1862"]
[PlyCount "154"]
[EventDate "2014.04.10"]
[EventType "swiss"]
[EventRounds "7"]
[EventCountry "ITA"]
[SourceTitle "EXT 2024"]
[Source "ChessBase"]
[SourceDate "2023.10.10"]
[SourceVersion "1"]
[SourceVersionDate "2023.10.10"]
[SourceQuality "1"]

1. c4 c5 2. g3 d6 3. Bg2 Nf6 4. Nc3 g6 5. d3 Bg7 6. Nf3 0-0 7. 0-0 Nc6 8. Re1 a6 9. Bg5 h6 10. Bd2 Bg4 11. Qc1 h5 12. h3 Bxf3 13. Bxf3 Qd7 14. Bg2 Rab8 15. Bh6 b5 16. Bxg7 Kxg7 17. cxb5 axb5 18. b3 Nd4 19. e3 Ne6 20. Kh2 b4 21. Ne2 Rbc8 22. Qb2 Kg8 23. h4 Ng4+ 24. Kg1 Rc7 25. Rec1 Rfc8 26. Rc2 Qb5 27. Rd1 Ne5 28. Rcd2 Ra7 29. Nf4 Nxf4 30. exf4 Nc6 31. Bd5 Nd4 32. Kf1 Qd7 33. Bg2 Qg4 34. Kg1 Re8 35. Re1 e6 36. Qc1 Rae7 37. Qd1 Qxd1 38. Rexd1 Ra7 39. Rc1 Ra3 40. Rb1 Re7 41. Rbb2 Rea7 42. Kh2 Nb5 43. Kh3 Nc3 44. d4 Rxa2 45. dxc5 Rxb2 46. Rxb2 dxc5 47. Rd2 Ra2 48. Rxa2 Nxa2 49. Bf1 Kg7 50. f3 Kf6 51. g4 Nc3 52. Kg3 Nd5 53. g5+ Ke7 54. Bb5 Nb6 55. Kf2 Nd5 56. Kg3 Nc3 57. Bc4 Nb1 58. Bd3 Nd2 59. Bc2 c4 60. bxc4 Nxc4 61. Kf2 Nd6 62. Ke2 Nf5 63. Bxf5 exf5 64. Kd2 Kd6 65. Kc2 Kd5 66. Kb3 Kd4 67. Kxb4 Ke3 68. Kc4 Kxf3 69. Kd5 Kxf4 70. Kd6 Kg4 71. Ke7 f4 72. Kxf7 f3 73. Kxg6 f2 74. Kh6 f1Q 75. g6 Kxh4 76. g7 Qf6+ 77. Kh7 Qxg7+ 0-1

[Event "Robecchetto Autunn op 10th"]
[Site "Robecchetto"]
[Date "2013.11.14"]
[Round "6"]
[White "Virgilio, Gianluca"]
[Black "Santarelli, Sabatino"]
[Result "1-0"]
[WhiteElo "1795"]
[BlackElo "1655"]
[PlyCount "45"]
[EventDate "2013.10.03"]
[EventType "swiss"]
[EventRounds "7"]
[EventCountry "ITA"]
[SourceTitle "EXT 2015"]
[Source "ChessBase"]
[SourceDate "2014.11.20"]
[SourceVersion "1"]
[SourceVersionDate "2014.11.20"]
[SourceQuality "1"]

1. d4 d5 2. Nf3 Nf6 3. e3 c5 4. c3 Nc6 5. Bd3 c4 6. Bc2 h6 7. Nbd2 Qc7 8. b3 b5 9. a4 b4 10. Bb2 Ba6 11. Qe2 e6 12. 0-0 Bd6 13. Rfe1 0-0 14. e4 dxe4 15. Nxe4 Nxe4 16. Qxe4 g6 17. d5 exd5 18. Qxd5 Ne7 19. Qd4 Qc5 20. Qh4 Qh5 21. Qf6 Rad8 22. cxb4 Nf5 23. Qh8# 1-0

[Event "Wasselonne op 7th"]
[Site "Wasselonne"]
[Date "2013.08.01"]
[Round "1"]
[White "Ottolini, Graziano"]
[Black "Santarelli, Sabatino"]
[Result "1/2-1/2"]
[WhiteElo "2014"]
[BlackElo "1627"]
[PlyCount "54"]
[EventDate "2013.08.01"]
[EventType "swiss"]
[EventRounds "7"]
[EventCountry "FRA"]
[SourceTitle "CBM 155 Extra"]
[Source "ChessBase"]
[SourceDate "2013.08.26"]
[SourceVersion "1"]
[SourceVersionDate "2013.08.26"]
[SourceQuality "1"]

1. e4 c5 2. Nf3 Nc6 3. c3 Qc7 4. d4 cxd4 5. cxd4 Nf6 6. Nc3 e6 7. e5 Nd5 8. Nxd5 exd5 9. Bd2 Be7 10. Rc1 Qb6 11. Bc3 0-0 12. Bd3 Nb4 13. Bb1 d6 14. a3 Nc6 15. h4 f5 16. Ba2 Be6 17. Ng5 Bxg5 18. hxg5 g6 19. 0-0 dxe5 20. dxe5 Rad8 21. Qe2 Rfe8 22. Rfe1 a6 23. Rcd1 Qc7 24. Rd3 Qe7 25. f4 d4 26. Bxe6+ Qxe6 27. Bd2 Rd5 1/2-1/2

[Event "Robecchetto op "]
[Site "Robecchetto"]
[Date "2013.01.17"]
[Round "6"]
[White "Santarelli, Sabatino"]
[Black "Ottolini, Graziano"]
[Result "0-1"]
[WhiteElo "1604"]
[BlackElo "2013"]
[PlyCount "68"]
[EventDate "2012.12.06"]
[EventType "swiss"]
[EventRounds "6"]
[EventCountry "ITA"]
[SourceTitle "EXT 2024"]
[Source "ChessBase"]
[SourceDate "2023.10.10"]
[SourceVersion "1"]
[SourceVersionDate "2023.10.10"]
[SourceQuality "1"]

1. Nf3 d5 2. d4 c5 3. c4 cxd4 4. Qxd4 Nf6 5. cxd5 Qxd5 6. Nc3 Qxd4 7. Nxd4 a6 8. h3 e5 9. Nf3 Nc6 10. a3 Bf5 11. g4 Bg6 12. Bg2 Be7 13. 0-0 0-0 14. Be3 Rac8 15. Rac1 Rfe8 16. Nd2 Red8 17. Nde4 Nxe4 18. Nxe4 Nd4 19. Nc3 Rxc3 20. Rxc3 Nxe2+ 21. Kh2 Nxc3 22. bxc3 e4 23. Rb1 b5 24. Ra1 Bf6 25. Rc1 h6 26. c4 Bb2 27. Rc2 Bxa3 28. cxb5 axb5 29. h4 b4 30. h5 Bh7 31. Rc4 b3 32. Rc3 b2 33. Rb3 Bd6+ 34. Kh3 Rb8 0-1

[Event "Robecchetto op "]
[Site "Robecchetto"]
[Date "2013.01.03"]
[Round "4"]
[White "Macchiettini, Pierangelo"]
[Black "Santarelli, Sabatino"]
[Result "1/2-1/2"]
[WhiteElo "1712"]
[BlackElo "1604"]
[PlyCount "55"]
[EventDate "2012.12.06"]
[EventType "swiss"]
[EventRounds "6"]
[EventCountry "ITA"]
[SourceTitle "EXT 2024"]
[Source "ChessBase"]
[SourceDate "2023.10.10"]
[SourceVersion "1"]
[SourceVersionDate "2023.10.10"]
[SourceQuality "1"]

1. d4 Nf6 2. c4 e5 3. dxe5 Ng4 4. Nf3 Bc5 5. e3 Qe7 6. Nc3 c6 7. a3 Nxe5 8. Be2 0-0 9. Qc2 f5 10. 0-0 d6 11. Na4 Nbd7 12. Nd4 Nf6 13. Nxc5 dxc5 14. Nf3 Ne4 15. Nd2 Nd6 16. b3 Be6 17. Bb2 Ng6 18. Nf3 Rad8 19. Rad1 Rd7 20. Bd3 Rfd8 21. h3 Ne4 22. Be2 Rd6 23. Rxd6 Rxd6 24. Bd3 Bc8 25. Rd1 Qd8 26. Ne1 a6 27. Nf3 Qe7 28. Be2 1/2-1/2

[Event "Robecchetto op "]
[Site "Robecchetto"]
[Date "2012.12.20"]
[Round "3"]
[White "Santarelli, Sabatino"]
[Black "Redamante, Marzio"]
[Result "1/2-1/2"]
[WhiteElo "1604"]
[BlackElo "1497"]
[PlyCount "179"]
[EventDate "2012.12.06"]
[EventType "swiss"]
[EventRounds "6"]
[EventCountry "ITA"]
[SourceTitle "EXT 2024"]
[Source "ChessBase"]
[SourceDate "2023.10.10"]
[SourceVersion "1"]
[SourceVersionDate "2023.10.10"]
[SourceQuality "1"]

1. d4 d5 2. g3 e6 3. Bg2 c5 4. c3 cxd4 5. Nf3 dxc3 6. Nxc3 Nc6 7. 0-0 Nf6 8. a3 a6 9. Bg5 Bd6 10. h3 h6 11. Be3 Qc7 12. Rc1 Bd7 13. Na4 b5 14. Nb6 Rb8 15. Nxd7 Qxd7 16. b4 0-0 17. Nd4 Rfc8 18. Nb3 Ne5 19. Nc5 Bxc5 20. Bxc5 Nc4 21. Qd3 Qd8 22. Bd4 Rc6 23. Rc2 Rbc8 24. Rfc1 Nd7 25. f4 a5 26. e4 dxe4 27. Qxe4 Rd6 28. Be5 Ndxe5 29. fxe5 Rd1+ 30. Kh2 Rxc1 31. Rxc1 axb4 32. axb4 Qd2 33. Rc2 Qxb4 34. Qb7 Rd8 35. Qc7 Rd2 36. Rxd2 Qxd2 37. Qb8+ Kh7 38. Qxb5 Ne3 39. Qb1+ g6 40. Qg1 Qe2 41. Kh1 Nxg2 42. Qxg2 Qxe5 43. Kh2 h5 44. h4 Kg7 45. Qf2 g5 46. hxg5 Qxg5 47. Qb2+ Qf6 48. Qe2 Kh6 49. Qe3+ Qg5 50. Qf2 Qf5 51. Qd2+ Kg6 52. Qe2 f6 53. Qa2 e5 54. Qg8+ Kh6 55. Qh8+ Kg5 56. Qg8+ Qg6 57. Qc4 f5 58. Qd5 e4 59. Qd2+ Kf6 60. Qd6+ Kg7 61. Qf4 Qg4 62. Qc7+ Kh6 63. Qd6+ Qg6 64. Qf4+ Qg5 65. Qd6+ Kg7 66. Qc7+ Kg6 67. Qd6+ Qf6 68. Qd2 h4 69. Qf2 hxg3+ 70. Qxg3+ Qg5 71. Qd6+ Kh5 72. Qd1+ Qg4 73. Qd7 Qf4+ 74. Kg1 Kg4 75. Qg7+ Qg5 76. Qb2 Qe3+ 77. Kf1 Qf3+ 78. Kg1 Qd1+ 79. Kh2 Qd6+ 80. Kg1 Qg3+ 81. Kf1 Kh3 82. Qh8+ Kg4 83. Qg7+ Kf3 84. Qc3+ e3 85. Qc6+ Kg4 86. Qg6+ Kh3 87. Qxf5+ Kh2 88. Qh5+ Qh3+ 89. Qxh3+ Kxh3 90. Ke2 1/2-1/2

[Event "Robecchetto op "]
[Site "Robecchetto"]
[Date "2012.12.06"]
[Round "1"]
[White "Santarelli, Sabatino"]
[Black "Testa, Loris"]
[Result "0-1"]
[WhiteElo "1604"]
[BlackElo "1909"]
[PlyCount "40"]
[EventDate "2012.12.06"]
[EventType "swiss"]
[EventRounds "6"]
[EventCountry "ITA"]
[SourceTitle "EXT 2024"]
[Source "ChessBase"]
[SourceDate "2023.10.10"]
[SourceVersion "1"]
[SourceVersionDate "2023.10.10"]
[SourceQuality "1"]

1. d4 a6 2. g3 d5 3. Bg2 Nc6 4. Nc3 Nf6 5. Nf3 Bg4 6. 0-0 Qd7 7. Re1 Bh3 8. Bh1 e6 9. a3 Bd6 10. e4 dxe4 11. Nxe4 Nxe4 12. Rxe4 h5 13. d5 Ne7 14. dxe6 Bxe6 15. Ne5 Qb5 16. c4 Qb6 17. Qa4+ c6 18. b4 Bxe5 19. c5 Qc7 20. Ra2 Bxa2 0-1

[Event "Robecchetto Autumn op 9th"]
[Site "Robecchetto"]
[Date "2012.10.18"]
[Round "3"]
[White "Santarelli, Sabatino"]
[Black "Testa, Loris"]
[Result "0-1"]
[WhiteElo "1604"]
[BlackElo "1909"]
[PlyCount "120"]
[EventDate "2012.10.04"]
[EventType "swiss"]
[EventRounds "7"]
[EventCountry "ITA"]
[SourceTitle "EXT 2024"]
[Source "ChessBase"]
[SourceDate "2023.10.10"]
[SourceVersion "1"]
[SourceVersionDate "2023.10.10"]
[SourceQuality "1"]

1. d4 d5 2. Nf3 c6 3. c4 e6 4. Nc3 Nf6 5. Bg5 Nbd7 6. e3 Be7 7. Bd3 dxc4 8. Bxc4 b5 9. Bd3 Bb7 10. 0-0 a6 11. Rc1 c5 12. a3 0-0 13. h3 c4 14. Bb1 Re8 15. Bf4 Qb6 16. Qe2 Nd5 17. Nxd5 exd5 18. Ne5 Nxe5 19. Bxe5 Bf6 20. Bxf6 Qxf6 21. Qh5 g6 22. Qh6 a5 23. h4 b4 24. h5 Qh4 25. g3 Qxh5 26. Qxh5 gxh5 27. Kg2 h4 28. Rh1 Kg7 29. Rxh4 h6 30. Rch1 Re6 31. Rg4+ Kf8 32. Rgh4 Raa6 33. Rg4 bxa3 34. bxa3 Rab6 35. Bh7 a4 36. Rg8+ Ke7 37. Rb8 Rb3 38. Bc2 Rb2 39. Bxa4 Rf6 40. Re8+ Kd6 41. Rf1 c3 42. Rd8+ Kc7 43. Re8 Ba6 44. Rc1 Rfxf2+ 45. Kh3 c2 46. Re7+ Kd6 47. Rd7+ Ke6 48. Rc7 Bd3 49. Rc6+ Kf5 50. g4+ Ke4 51. Rxh6 Rb1 52. Bxc2 Rxc1 53. Bxd3+ Kxd3 54. Kg3 Kxe3 55. Rd6 Rg1+ 56. Kh4 Kxd4 57. a4 Ra2 58. Rf6 Rxa4 59. Rxf7 Ke5 60. Rf5+ Ke6 0-1

[Event "Robecchetto Autumn op 8th"]
[Site "Robecchetto"]
[Date "2011.11.17"]
[Round "5"]
[White "Melino, Gianluca"]
[Black "Santarelli, Sabatino"]
[Result "1-0"]
[WhiteElo "1742"]
[BlackElo "1616"]
[PlyCount "107"]
[EventDate "2011.10.20"]
[EventType "swiss"]
[EventRounds "7"]
[EventCountry "ITA"]
[SourceTitle "EXT 2024"]
[Source "ChessBase"]
[SourceDate "2023.10.10"]
[SourceVersion "1"]
[SourceVersionDate "2023.10.10"]
[SourceQuality "1"]

1. d4 g6 2. Nf3 Bg7 3. e3 c5 4. Bd3 Nf6 5. Nbd2 cxd4 6. exd4 0-0 7. 0-0 Nc6 8. c3 b6 9. Re1 Bb7 10. Nc4 Qc7 11. Bg5 Rfe8 12. Qd2 d6 13. h3 Nd8 14. Qe2 Ne6 15. Bd2 Rac8 16. Na3 Nd5 17. g3 Qd7 18. Kh2 Ndc7 19. Nc2 Rcd8 20. Ne3 Bc8 21. Qf1 a6 22. Nc4 Bb7 23. Qe2 Nd5 24. Ne3 b5 25. Ng4 Nf6 26. Nh6+ Bxh6 27. Bxh6 Qc6 28. Kg2 Qd5 29. c4 Qxd4 30. Be3 Qe5 31. cxb5 Nd4 32. Bxd4 Qxd4 33. bxa6 Bd5 34. Rad1 Bxf3+ 35. Qxf3 Qxb2 36. Re2 Qa3 37. Bb5 Qxf3+ 38. Kxf3 Nd7 39. Rxd6 exd6 40. Rxe8+ Rxe8 41. Bxd7 Rd8 42. Bb5 Ra8 43. Ke4 Kf8 44. Kd5 Ke7 45. Kc6 d5 46. Kb7 Rxa6 47. Bxa6 Kd6 48. Kb6 d4 49. a4 Ke5 50. Bd3 f5 51. f4+ Kf6 52. a5 g5 53. a6 h5 54. h4 1-0

[Event "Ceriano Laghetto op-B 20th"]
[Site "Ceriano Laghetto"]
[Date "2011.04.02"]
[Round "2"]
[White "Falchi, Claudio"]
[Black "Santarelli, Sabatino"]
[Result "1-0"]
[WhiteElo "1737"]
[BlackElo "1654"]
[PlyCount "95"]
[EventDate "2011.04.01"]
[EventType "swiss"]
[EventRounds "5"]
[EventCountry "ITA"]
[SourceTitle "EXT 2023"]
[Source "ChessBase"]
[SourceDate "2022.10.05"]
[SourceVersion "1"]
[SourceVersionDate "2022.10.05"]
[SourceQuality "1"]

1. e4 e6 2. d3 Nc6 3. Nf3 Nf6 4. g3 b6 5. Bg2 Bb7 6. 0-0 Be7 7. Nbd2 0-0 8. h4 e5 9. Nh2 Nd4 10. Ndf3 d6 11. Nxd4 exd4 12. Ng4 Nxg4 13. Qxg4 Rb8 14. h5 Bc8 15. Qe2 Re8 16. h6 g6 17. f4 Bf8 18. f5 g5 19. Qh5 f6 20. c3 Ba6 21. c4 b5 22. b3 Qe7 23. e5 dxe5 24. Bxg5 Bb7 25. Bxb7 Rxb7 26. Bxf6 Qxf6 27. Qxe8 c6 28. Qh5 Bxh6 29. Kg2 Rg7 30. Qe8+ Qf8 31. Qxe5 Be3 32. Qe6+ Rf7 33. Qxc6 Rxf5 34. Qe6+ Rf7 35. Qxf7+ Qxf7 36. Rxf7 Kxf7 37. cxb5 Ke6 38. Re1 Kd5 39. Kf3 Bg5 40. Kg4 h6 41. Rf1 Kc5 42. a3 Kxb5 43. Rf5+ Kc6 44. Rxg5 hxg5 45. Kxg5 Kd6 46. Kf4 a5 47. g4 Ke6 48. g5 1-0

[Event "Monza Province-ch"]
[Site "Ceriano Laghetto"]
[Date "2011.02.??"]
[Round "1"]
[White "Morselli, Stefano"]
[Black "Santarelli, Sabatino"]
[Result "1-0"]
[WhiteElo "1894"]
[BlackElo "1668"]
[PlyCount "135"]
[EventDate "2011.02.??"]
[EventType "swiss"]
[EventRounds "6"]
[EventCountry "ITA"]
[SourceTitle "EXT 2024"]
[Source "ChessBase"]
[SourceDate "2023.10.10"]
[SourceVersion "1"]
[SourceVersionDate "2023.10.10"]
[SourceQuality "1"]

1. Nf3 c5 2. g3 Nc6 3. Bg2 Nf6 4. 0-0 d6 5. d3 g6 6. e4 Bg7 7. Nbd2 0-0 8. Re1 Bd7 9. c3 Rb8 10. a4 Ng4 11. Nc4 Nge5 12. Ncxe5 Nxe5 13. d4 cxd4 14. cxd4 Nc6 15. d5 Ne5 16. Nd4 Nc4 17. b3 Na5 18. Be3 b6 19. Qd3 Nb7 20. b4 a5 21. Nc6 Bxc6 22. dxc6 Bxa1 23. Rxa1 Nc5 24. bxc5 bxc5 25. Qc3 e5 26. Bf1 Qc7 27. Bb5 Ra8 28. Rd1 Rfd8 29. Qc4 Qe7 30. Qd5 Kg7 31. Qd2 f6 32. h4 h5 33. Qe2 Ra7 34. Bc1 Qf8 35. Qd2 Kh7 36. Ba3 Raa8 37. Bc4 Qe7 38. Bc1 Qg7 39. Be6 Ra7 40. Bd7 Rdxd7 41. cxd7 Rxd7 42. Ba3 f5 43. Bxc5 fxe4 44. Bb6 d5 45. Qxa5 d4 46. Qd2 Qf6 47. a5 Rf7 48. Qe2 Qc6 49. Rd2 Qc1+ 50. Kg2 d3 51. Qe3 Qc6 52. Kh2 Rf3 53. Qg5 Qd7 54. Qxe5 Qb7 55. Rb2 Rf5 56. Qc7+ Qxc7 57. Bxc7 Rc5 58. Bb6 Rd5 59. Rd2 Rd6 60. Kg2 Kg7 61. f3 exf3+ 62. Kxf3 Kf6 63. Ke3 Kf5 64. Rxd3 Re6+ 65. Kf3 Rc6 66. Rb3 Rc8 67. a6 Ra8 68. a7 1-0